000
00340nam a2200157Ia 4500
100
_a
Dey/Pradeep/ Ghosh/Manas
650
_a
Structured Programming
942
_c
BK
366
_f
25
245
_a
Structured programming approach
260
_b
Oxford
_c
2017
082
_a
5.133
_b
DEY
300
_a
502
546
_a
ENGLISH
999
_c
33548
_d
33548